5 suosituinta matkustusmaata maanosittain - Statistics

Yleistilastot
  • Tätä visaa on pelattu 55 kertaa
  • Keskiarvotulos 23 / 30
Vastaustilastot
Etelä-Amerikka % Oikein
Ranska
98%
Espanja
93%
Italia
93%
Saksa
93%
Yhdysvallat
93%
Kanada
91%
Meksiko
91%
Brasilia
89%
Japani
89%
Kuuba
89%
Egypti
86%
Kiina
86%
Australia
84%
Chile
84%
Thaimaa
84%
Argentiina
82%
Marokko
82%
Peru
82%
Etelä-Afrikka
80%
Kolumbia
75%
Uusi-Seelanti
75%
Turkki
70%
Kenia
66%
Etelä-Korea
61%
Fidzi
59%
Tunisia
59%
Malesia
55%
Dominikaaninen tasavalta
52%
Papua-Uusi-Guinea
48%
Samoa
39%
Ehtoja vastaavia visoja ei löytynyt
Tulosjakauma
Jokaisen tuloksen saaneiden osuus
Persentiili vastausten määrän mukaan
Tuloshistoriasi
Et ole pelannut tätä visaa